| 000 | 00613nam a22002057a 4500 | ||
|---|---|---|---|
| 003 | 0 | ||
| 005 | 20241017144122.0 | ||
| 008 | 241017b xxu||||| |||| 00| 0 eng d | ||
| 020 | _a9781394160686 | ||
| 050 |
_aQA 76.76 _b.D38 2023 |
||
| 100 |
_aDavis, Guy Hart-, _eauthor. |
||
| 245 |
_aTeach yourself visually HTML and CSS / _cGuy Hart-Davis. |
||
| 250 | _a2nd ed. | ||
| 260 |
_aHoboken, NJ : _bJohn Wiley & Sons, Inc., _c2023. |
||
| 300 |
_a307 p. : _bcol. ill. ; _c24 cm. |
||
| 504 | _aIncludes index. | ||
| 650 | _aHTML (document markup language). | ||
| 650 | _aCascading styles sheets. | ||
| 942 |
_2lcc _cBK |
||
| 999 |
_c366578 _d366578 |
||